000 00505nam a2200193Ia 4500
008 240510s9999 xx 000 0 und d
020 _a0000314034285
041 _aEng
082 _a005.133
082 _bN15
100 _aNANCE ,DOUGLAS W. , COWLES, JAMES A.
245 0 _aUNDERSTANDING TURBO PASCAL : PROGRAMMING AND PROBLEM SOLVING
260 _bNEWYORK : WEST PUBLISHING
260 _c1994
300 _a781 p.
650 _aPROGRAMMING LANGUAGES : PASCAL
942 _2ddc
942 _cLBK
999 _c25191
_d25191
945 _a1
_bMadushi Gamage
_c1
_dMadushi Gamage